| 000 | 00822cam a2200277 a 4500 | ||
|---|---|---|---|
| 001 | 443434 | ||
| 003 | OSt | ||
| 005 | 20170327155955.0 | ||
| 008 | 820823s1983 nyu b 001 0 eng | ||
| 010 | _a 82010828 | ||
| 020 | _a0826115950 (pbk.) | ||
| 040 |
_aDLC _cDLC _dDLC |
||
| 082 |
_aWY 20.5 _bN843e 1983 |
||
| 100 | 1 |
_aNotter, Lucille E. _911969 |
|
| 245 | 1 | 0 |
_aEssentials of nursing research / _cLucille E. Notter ; foreword by Barbara J. Stevens. |
| 250 | _a3rd ed. | ||
| 260 |
_aNew York : _bSpringer Pub. Co., _c1983. |
||
| 300 |
_axiii, 178 p. ; _c21 cm. |
||
| 500 | _aIncludes index. | ||
| 504 | _aBibliography: p. 147-166. | ||
| 650 | 0 |
_aNursing _xResearch. _911685 |
|
| 650 | 2 |
_aNursing. _9135 |
|
| 650 | 2 |
_aResearch. _93727 |
|
| 906 |
_a7 _bcbc _corignew _d1 _eocip _f19 _gy-gencatlg |
||
| 942 |
_2z _cO_SHELF |
||
| 999 |
_c5756 _d5756 |
||